000
00296nam a22001097a 4500
008
230623b xxu||||| |||| 00| 0 eng d
082
_a
330.963
_b
PIK 1968
245
_a
Malawi :A Political and Economic History
260
_a
London
_b
Pall Mall Press Ltd
_c
1968
300
_a
VII,248p
942
_2
ddc
_c
BK
999
_c
2540
_d
2540